40 Największych miast w województwie lubuskim - Statystyki

Ogólne statystyki
  • Ten quiz został rozwiązany 19 razy
  • Średni wynik to 21 z 40
Statystyki odpowiedzi
Ludność Miasto % Poprawnych
115 847 Gorzów Wielkopolski
100%
35 033 Żary
100%
139 132 Zielona Góra
100%
36 183 Nowa Sól
89%
23 596 Żagań
89%
16 236 Słubice
84%
20 921 Świebodzin
84%
9491 Drezdenko
79%
9724 Strzelce Krajeńskie
79%
15 684 Gubin
74%
17 626 Kostrzyn nad Odrą
74%
9779 Sulęcin
74%
13 068 Wschowa
74%
10 601 Krosno Odrzańskie
68%
16 924 Międzyrzecz
68%
15 602 Sulechów
68%
10 652 Szprotawa
63%
3970 Bytom Odrzański
53%
3824 Babimost
47%
6411 Rzepin
47%
2414 Torzym
47%
3804 Czerwieńsk
42%
12 909 Lubsko
42%
4781 Nowogród Bobrzański
42%
9148 Skwierzyna
42%
4914 Zbąszynek
42%
3633 Iłowa
37%
2233 Trzciel
37%
4044 Jasień
32%
8929 Kożuchów
32%
6425 Witnica
32%
2667 Cybinka
26%
3823 Kargowa
26%
2987 Dobiegniew
21%
2754 Gozdnica
21%
2262 Łęknica
21%
2643 Nowe Miasteczko
21%
3899 Ośno Lubuskie
21%
4119 Sława
21%
3431 Małomice
5%
Nie znaleziono quizów pasujących do podanych kryteriów
Rozkład punktacji
Procent ludzi z każdym wynikiem
Percentyl według liczby udzielonych odpowiedzi
Twoja historia wyników
Nie rozwiązałeś tego quizu